00656nam a2200205Ia 450000500170000000800410001702000150005808200160007324500810008926000510017030000180022165000120023965000130025165000190026470000250028370000250030894200060033395200980033999900130043720240724065706.0240331s9999 xx 000 0 und d a0226508803 a291.09bFUN 0aFundamentalisms and society :b reclaiming science the family and education  aChicagobThe university of Chicago pressc1993 aix, 592 p ., aScience aReligion aFundamentalism aMarty, Martin Eeedt aAppleby Scott Reedt cL 001040708LaWERCLbWERCLcSSCd2024-03-31l0o 291.09 FUNp1799r2024-03-31w2024-03-31yL c888d888